| 000 | 00761nam a22002537i 4500 | ||
|---|---|---|---|
| 003 | EG-ScBUE | ||
| 005 | 20250806093607.0 | ||
| 008 | 090205s2007 ii a f 000 0 eng d | ||
| 020 | _a8183562272 | ||
| 020 | _a9788183562270 | ||
| 040 |
_aEG-ScBUE _beng _erda _cEG-ScBUE _dEG-ScBUE |
||
| 082 | 0 | 4 |
_222 _a546 _bSHA |
| 100 | 1 |
_aSharma, R. K., _eauthor. |
|
| 245 | 1 | 0 |
_aChemistry of hydrides and carbides / _cby R. K. Sharma |
| 264 | 1 |
_aNew Delhi : _bDiscovery Publishig House, _c2007. |
|
| 300 |
_a321 pages : _billustrations ; _c22 cm |
||
| 336 |
_2rdacontent _atext _btxt |
||
| 337 |
_aunmediated _2rdamedia _bn |
||
| 338 |
_avolume _bnc _2rdacarrier |
||
| 650 | 7 |
_aHydrides. _2BUEsh |
|
| 650 | 7 |
_aCarbides. _2BUEsh |
|
| 655 | _vReading book | ||
| 942 |
_2ddc _cBB |
||
| 999 |
_c10733 _d10733 |
||